000 00637nam a2200265Ia 4500
005 20260121161350.0
008 008 260114s9999 xx 000 0 eng d
020 _a9780203989524
037 _aEBOOK
040 _aCRL
040 _beng
040 _cCRL
041 _2eng
041 _aeng
084 _qCRL
100 _aSick Building Syndrome
_91043597
245 0 _aJack Rostron
260 _bTaylor and Francis
260 _c1997
650 _aBuilding and Construction
_91043598
856 _uhttp://www.taylorfrancis.com/books/9780203989524
942 _cEBOOK
999 _c1610203
_d1610203